000
00333nam a2200133Ia 4500
008
240624s9999 xx 000 0 und d
041
_a
eng
082
_a
330.01 COH
100
_a
COHEN DANIEL
245
_a
INFINITE DESIRE FOR GROWTH
260
_c
2018
_a
New Jersey
_b
Princeton University Press
300
_a
165 p.
365
_c
_b
33
999
_c
32672
_d
32672